ESPN Top 100 Basketball Recruits - 2025 - Statistics

General Stats
  • This quiz has been taken 25 times
  • The average score is 11 of 100
Answer Stats
# Player Committed To... % Correct
1 AJ Dybantsa BYU Cougars
100%
3 Cameron Boozer Duke Blue Devils
83%
16 Cayden Boozer Duke Blue Devils
83%
10 Koa Peat Arizona Wildcats
83%
2 Darryn Peterson Kansas Jayhawks
67%
5 Caleb Wilson North Carolina Tar Heels
50%
6 Chris Cenac Jr. Houston Cougars
50%
22 Kingston Flemings Houston Cougars
50%
8 Mikel Brown Jr. Louisville Cardinals
50%
4 Nate Ament Tennessee Volunteers
50%
53 Akai Fleming Georgia Tech Yellow Jackets
33%
13 Alijah Arenas USC Trojans
33%
7 Darius Acuff Arkansas Razorbacks
33%
72 DeWayne Brown Tennessee Volunteers
33%
97 Jamarion Davis-Fleming Mississippi State Bulldogs
33%
11 Meleek Thomas Arkansas Razorbacks
33%
9 Tounde Yessoufou Baylor Bears
33%
63 A'mare Bynum Ohio State Buckeyes
17%
79 Billy White III SMU Mustangs
17%
12 Brayden Burries Arizona Wildcats
17%
17 Braylon Mullins Connecticut Huskies
17%
81 Dorian Jones Rutgers Scarlet Knights
17%
14 Isiah Harwell Houston Cougars
17%
19 Jalen Haralson Notre Dame Fighting Irish
17%
44 Jamier Jones Providence Friars
17%
18 Jasper Johnson Kentucky Wildcats
17%
84 Jermaine O'Neal Jr. SMU Mustangs
17%
61 Kayden Edwards TCU Horned Frogs
17%
36 Kiyan Anthony Syracuse Orange
17%
26 Malachi Moreno Kentucky Wildcats
17%
28 Sadiq White Syracuse Orange
17%
32 Acaden Lewis Villanova Wildcats
0%
59 Alec Blair Oklahoma Sooners
0%
78 Aleks Alston Maryland Terrapins
0%
37 Alexander Lloyd Florida Gators
0%
80 Amari Evans Tennessee Volunteers
0%
92 Antione West Purdue Boilermakers
0%
100 Azavier Robinson Butler Bulldogs
0%
98 Brady Koehler Notre Dame Fighting Irish
0%
85 Braydon Hawthorne Kentucky Wildcats
0%
51 Cam Ward Michigan State Spartans
0%
65 Chance Mallory Virginia Cavaliers
0%
49 Chris Nwuli Rutgers Scarlet Knights
0%
21 Cornelius Ingram Jr. Florida Gators
0%
42 Dante Allen Miami Hurricanes
0%
30 Darius Adams Maryland Terrapins
0%
47 Davion Hannah Alabama Crimson Tide
0%
33 Davis Fogle Gonzaga Bulldogs
0%
55 Derek Dixon North Carolina Tar Heels
0%
38 Dwayne Aristode Arizona Wildcats
0%
73 Elzie Harrington San Diego State Aztecs
0%
23 Eric Reibe Connecticut Huskies
0%
41 Hudson Greer Creighton Bluejays
0%
60 Isaiah Denis North Carolina Tar Heels
0%
69 Isaiah Sealy Arkansas Razorbacks
0%
93 Jack McCaffery Butler Bulldogs
0%
54 Jacob Wilkins Georgia Bulldogs
0%
34 Jaden Toombs SMU Mustangs
0%
66 Jalen Reece LSU Tigers
0%
77 Jamarion Batemon Iowa State Cyclones
0%
45 Jerry Easter USC Trojans
0%
48 J.J. Mandaquit Washington Huskies
0%
67 John Clark Texas Longhorns
0%
86 Jordan Scott Michigan State Spartans
0%
64 Joshua Lewis Louisiana Ragin' Cajuns
0%
40 Kaden Magwood Auburn Tigers
0%
88 Kai Rogers Oklahoma Sooners
0%
89 Kareem Stagg Georgia Bulldogs
0%
39 Kayden Mingo Penn State Nittany Lions
0%
52 Keyshuan Tillery Cincinnati Bearcats
0%
75 King Grace Mississippi State Bulldogs
0%
70 Kohl Rosario Kansas Jayhawks
0%
43 London Jemison Alabama Crimson Tide
0%
24 Matt Able NC State Wolfpack
0%
99 Michael Phillips II Marquette Golden Eagles
0%
29 Mouhamed Sylla Georgia Tech Yellow Jackets
0%
74 Najai Hines Seton Hall Pirates
0%
82 Nick Randall Missouri Tigers
0%
68 Nigel James Marquette Golden Eagles
0%
71 Nigel Walls SMU Mustangs
0%
35 Niko Bundalo Ole Miss Rebels
0%
15 Nikolas Khamenia Duke Blue Devils
0%
57 Nyk Lewis VCU Rams
0%
50 Paulo Semedo Arkansas Razorbacks
0%
83 Ryder Frost Notre Dame Fighting Irish
0%
96 Salim London UAB Blazers
0%
91 Samis Calderon Kansas Jayhawks
0%
25 Sebastian Wilkins Duke Blue Devils
0%
46 Sebastian Williams-Adams Auburn Tigers
0%
31 Shelton Henderson Miami Hurricanes
0%
27 Shon Abaev Cincinnati Bearcats
0%
94 Tee Bartlett Mississippi State Bulldogs
0%
62 Trent Sisley Indiana Hoosiers
0%
20 Trey McKenney Michigan Wolverines
0%
95 Tylis Jordan Ole Miss Rebels
0%
90 Winters Grady Michigan Wolverines
0%
56 Xavion Staton BYU Cougars
0%
87 Xzavion Mitchell Iowa State Cyclones
0%
76 Zach Kinziger Wisconsin Badgers
0%
58 Zymicah Wilkins NC State Wolfpack
0%
No matching quizzes found
Score Distribution
Percent of People with Each Score
Percentile by Number Answered
Your Score History
You have not taken this quiz